000 00596nam a2200205Ia 4500
008 160319s9999 xx 000 0 und d
020 _a9710829874
050 _a920
050 _bD321f 1967
100 _aDe Guzman, Mario Odulio
245 4 _aThe Filipino heroes=ang mga bayaning Pilipino :
245 _bwith pictures, written in Tagalog and in English /
245 _cby Maria Odulio de Guzman.
260 _bNational Bookstore.
260 _c2002
300 _a 171 p. :
300 _bill. ;
300 _c18 cm.
650 _aBiography -- Heroes and heroines -- Philippines.
999 _c292223
_d292223